000 00706nam a2200289Ia 4500
005 20260324115151.0
008 008 260324s9999 xx 000 0 eng d
020 _a9781315155906
037 _aEBOOK
040 _aCRL
040 _beng
040 _cCRL
041 _2eng
041 _aeng
084 _qCRL
100 _aVelma I. Grover; Amani Alfarra
_91153614
245 0 _aWater, Sustainable Development and the Nexus
245 0 _bResponse to Climate Change
260 _bTaylor and Francis
260 _c2019
365 _a
365 _b370
856 _uhttp://www.taylorfrancis.com/books/9781315155906
942 _cEBOOK
999 _c1744297
_d1744297